Swahili. Outdoors. Match. Quiz Stats

 Plays Quiz not verified by Sporcle

Score 0/20 Timer 03:00
0 Plays Today
% Correct
road
89.8%
trees
86.4%
market
84.7%
sun
83.9%
hill
80.5%
river
79.7%
country
78.8%
town
78.8%
mountain
78%
ocean
77.1%
% Correct
stars
77.1%
moon
77.1%
shore
75.4%
sky
73.7%
forest
72.9%
valley
72%
bridge
72%
pasture
70.3%
stream
69.5%
fence
68.6%

You're not logged in!

Compare scores with friends on all Sporcle quizzes.
OR
Log In

Show Comments

Extras

Top Quizzes Today


Score Distribution

Your Account Isn't Verified!

In order to create a playlist on Sporcle, you need to verify the email address you used during registration. Go to your Sporcle Settings to finish the process.

Report this User

Report this user for behavior that violates our Community Guidelines.

Details: